Datum a čas kvízu
28
Celkem bodů
Celkový počet nahraných bodů na tomto kvízu bez doplňovacích otázek.
8.
Pořadí na kvízu
Konečné umístění týmu na tomto kvízu.
Zaznamenané odpovědi
| # | Otázka | Odpověď | Body | Výsledky |
|---|---|---|---|---|
| 1. | Čtvrt roku byli na cestě a ura... | D) Velorex | 0 | |
| 2. | Letadlo na lince z Paříže do k... | usnul | 0 | |
| 3. | Při oslavě osmistého výročí ji... | v Hradci Králové | 0 | |
| 4. | Finská firma Bluefors uzavřela... | na Měsíci | 0 | |
| 5. | Jak se jmenuje český skokan do... | Jan Štefela | 0 | |
| 6. | Ve spolupráci s Radou Evropy j... | 1C 2D 3B 4A | 1 | |
| 7. | Pokud vám prozradíme, že červe... | július | 1 | |
| 8. | Jak se jmenuje autonomní oblas... | Vojvodina | 0 | |
| 9. | Která z těchto knih nebyla nap... | A | 1 | |
| 10. | Pozoruhodným jazykem je velšti... | slunéčko (beruška) | 0 |